Statistiken für Deutsche Fussballvereine nach Datum

Klicken Sie hier um das Quiz zu spielen!

Allgemein

  • Dieses Quiz wurde 391 mal gespielt
  • Das Durchschnittsergebnis liegt bei 9 aus 18

Antwortstatistiken

HintAntwort% Korrekt
FC Schalke04
95%
Hannover96
79%
TSV München1860
75%
1. FSV Mainz05
70%
TSG Hoffenheim1899
69%
Borussia Dortmund09
64%
Bayer Leverkusen1904
53%
SV Darmstadt1898
47%
VFL Bochum1848
41%
SC Paderborn07
37%
Borussia Mönchengladbach1900
35%
Fortuna Düsseldorf95
35%
VFB Stuttgart1893
34%
FC St. Pauli1910
31%
1. FC Heidenheim1846
24%
SV Sandhausen1916
23%
FC Augsburg1907
21%
MSV Duisburg1902
20%

Verteilung der Resultate

Perzentil nach korrekt beantworteten Fragen

Anzahl Personen mit jedem Resultat

Ihre Resultats-Entwicklung

Sie haben dieses Quiz noch nicht gespielt